| 000 | 00597nam a2200205Ia 4500 | ||
|---|---|---|---|
| 003 | OSt | ||
| 005 | 20230320095026.0 | ||
| 008 | 210423s2007 xx 000 0 und d | ||
| 040 | _cAL | ||
| 041 | _aeng | ||
| 082 |
_a363.73 _223 _bNARP |
||
| 100 |
_aNARAYANAN (P). _949232 |
||
| 245 | _aEnvironmental pollution: principles analysis and control. | ||
| 260 |
_aNew Delhi _bCambridge University Press _c2007 |
||
| 300 | _axxx,671 | ||
| 365 |
_b495 _cINR |
||
| 650 |
_aEnvironmental Problems _949233 |
||
| 906 | _aanalysis ; control. ; Environmental ; pollution: ; principles | ||
| 942 |
_2ddc _cBK |
||
| 999 |
_c153792 _d153792 |
||